La familia y la unidad.
Shranjeno v:
| Glavni avtor: | |
|---|---|
| Format: | Knjiga |
| Jezik: | španščina |
| Teme: | |
| Oznake: |
Brez oznak, prvi označite!
|
MARC
| LEADER | 00000cam^a2200000uu^4500 | ||
|---|---|---|---|
| 001 | 000480687 | ||
| 005 | 20250521000000.0 | ||
| 008 | 050901s1973^^^^^^^^^^^^rm^r^^000^0^spa^d | ||
| 009 | 20260310125007.429 | ||
| 035 | |a FCE 000023703 | ||
| 035 | |a FCE 007582 | ||
| 037 | |a Acervo ITESO - Biblioteca | ||
| 041 | |a spa | ||
| 082 | 0 | 4 | |a 362.797 |b CERf |
| 100 | |a Cervantes G., Carmen Guadalupe |e (autor) | ||
| 245 | 1 | 3 | |a La familia y la unidad. |
| 264 | |a México : |b C. G. Cervantes G., |c 1973. | ||
| 300 | |a 315 p. | ||
| 336 | |a texto |b txt |2 rdacontenido | ||
| 337 | |a sin mediación |b n |2 rdamedio | ||
| 338 | |a volumen |b nc |2 rdasoporte | ||
| 596 | |a Tesis. (Maestra en Antropología Social) Universidad Iberoamericana, Escuela de Antropología Social. | ||
| 649 | |a XX | ||
| 650 | |a Estadísticas | ||
| 650 | |a Familia | ||
| 650 | |a Vivienda | ||
| 650 | |a Tesis de maestría | ||
| 650 | |a Organización social | ||
| 650 | |a Investigación | ||
| 650 | |a Antropología social | ||
| 650 | |a Zona urbana | ||
| 650 | |a Estudios de casos | ||
| 910 | |a Fondo Centro de Estudios Educativos | ||
| 920 | |a Impresos - Libros | ||
| 930 | |a Fondos Especiales | ||
| 905 | |a 133 | ||
| 901 | |a ALE007582 |b IT2 |c CEE |u 20250521 | ||
| 902 | |a https://opac.biblio.iteso.mx/vufind/Record/000480687 | ||